000 01525nam a2200373 a 4500
001 ebr10591373
003 CaPaEBR
006 m u
007 cr cn|||||||||
008 970714s1997 nju sb 101 0 eng d
010 _z 97030014
020 _z1857391799
020 _z9783598244018
020 _z9783110959680 (e-book)
040 _aCaPaEBR
_cCaPaEBR
035 _a(OCoLC)823746458
043 _ae-uk---
050 1 4 _aZA3153
_b.U54 1997eb
082 0 4 _a020
_221
245 0 0 _aUnderstanding information policy
_h[electronic resource] :
_bproceedings of a workshop held at Cumberland Lodge, Windsor Great Park, 22-24 July 1996 /
_cedited by Ian Rowlands.
260 _aNew Providence, N.J. :
_bBowker-Saur,
_c1997.
300 _aviii, 305 p.
440 0 _aBritish Library research and innovation report ;
_v49
504 _aIncludes bibliographical references and index.
533 _aElectronic reproduction.
_bPalo Alto, Calif. :
_cebrary,
_d2011.
_nAvailable via World Wide Web.
_nAccess may be limited to ebrary affiliated libraries.
650 0 _aInformation policy
_vCongresses.
650 0 _aInformation policy
_zGreat Britain
_vCongresses.
650 0 _aInformation science
_vCongresses.
650 0 _aInformation science
_zGreat Britain
_vCongresses.
655 7 _aElectronic books.
_2local
700 1 _aRowlands, Ian.
710 2 _aebrary, Inc.
856 4 0 _uhttp://site.ebrary.com/lib/rucke/Doc?id=10591373
_zAn electronic book accessible through the World Wide Web; click to view
999 _c105932
_d105932